| 000 | 00723nam a22002297a 4500 | ||
|---|---|---|---|
| 005 | 20170124110202.0 | ||
| 010 | _aA-939406 | ||
| 020 |
_c295.00 _a8120313968 |
||
| 035 | _aA-939406 | ||
| 037 | _bCen Lib/Ret | ||
| 040 |
_aDPL _bEN |
||
| 082 |
_a005.754 _bHAY |
||
| 100 |
_aHayes, William B. _936417 |
||
| 245 |
_aUsing special edition : _cby William B. Haynes [and] Charles A. Wood _bPower Builder 6 / |
||
| 260 |
_aNew Delhi _bPrentice Hall of India _c1998 |
||
| 270 |
_aM-97, Connaught Circus _bNew Delhi _e110001 |
||
| 300 |
_axx, 850p. : _c24cm(Hb) _bill. |
||
| 650 |
_aInternet _992169 |
||
| 650 |
_aPowerBuilder _936419 |
||
| 700 |
_aWood, Charles A. _936420 |
||
| 942 |
_2ddc _cEN _h005.754 _mHAY |
||
| 999 |
_c132989 _d132989 |
||